Špecifiká zavádzania spoločenskej zodpovednosti firiem v malých a stredných podnikoch

Spoločenská zodpovednosť (CSR - Corporate social responsibility) v malých a stredných podnikoch. Dôvody pre realizáciu CSR v malých a stredných podnikoch. Prekážky zavádzania. Zavádzanie CSR aktivít do malých a stredných podnikov. Trhovo orientované CSR aktivity. CSR aktivity orientované na zamestn...

Ausführliche Beschreibung

Gespeichert in:
Bibliographische Detailangaben
1. Verfasser: Chomová, Katarína, 1983-
Format: Buchkapitel
Sprache:Slowakisch
Schlagworte:
Tags: Tag hinzufügen
Keine Tags, Fügen Sie das erste Tag hinzu!

MARC

LEADER 00000naa$a2200000$$$4500
001 0107655
005 20240502072204.3
041 0 |a slo 
044 |a SK 
245 1 0 |a Špecifiká zavádzania spoločenskej zodpovednosti firiem v malých a stredných podnikoch  |c Katarína Chomová 
520 |a Spoločenská zodpovednosť (CSR - Corporate social responsibility) v malých a stredných podnikoch. Dôvody pre realizáciu CSR v malých a stredných podnikoch. Prekážky zavádzania. Zavádzanie CSR aktivít do malých a stredných podnikov. Trhovo orientované CSR aktivity. CSR aktivity orientované na zamestnancov, na zlepšenie stavu spoločnosti a na ochranu životného prostredia. 
610 2 0 |a podnik malý 
610 2 0 |a podnik stredný 
610 2 0 |a zodpovednosť spoločenská 
610 2 0 |a trh 
610 2 0 |a zamestnanci 
610 2 0 |a spoločnosť 
610 2 0 |a ochrana prostredia životného 
100 1 |a Chomová, Katarína, 1983-